A Celebration of Black and African Writing (Record no. 1803)
[ view plain ]
| 000 -LEADER | |
|---|---|
| fixed length control field | 00381nam a22001337a 4500 |
| 008 - FIXED-LENGTH DATA ELEMENTS--GENERAL INFORMATION | |
| fixed length control field | 241127b |||||||| |||| 00| 0 eng d |
| 020 ## - INTERNATIONAL STANDARD BOOK NUMBER | |
| ISBN | 0195752805 |
| 100 ## - MAIN ENTRY--AUTHOR | |
| Author | King Bruce |
| 245 ## - TITLE STATEMENT | |
| Title | A Celebration of Black and African Writing |
| 260 ## - PUBLICATION, DISTRIBUTION, ETC. (IMPRINT) | |
| Place of publication | Zaria |
| Name of publisher | Ahmadu Bello University press and Oxford University press |
| Date of publication | 1977 |
| 300 ## - COLLATION | |
| Pagination | Xx,259 |
| 942 ## - ADDED ENTRY ELEMENTS (KOHA) | |
| Item type | Books |
| 050 ## - LIBRARY OF CONGRESS CALL NUMBER | |
| Classification number | PN 6222.A2 |
| Item number | .C45 |
| Source of classification or shelving scheme | Not for loan | Permanent location | Current location | Date acquired | Accession No. | Full call number | Barcode. | Koha item type |
|---|---|---|---|---|---|---|---|---|
| Library of Congress Classification | Samuel Ogbemudia Main Library, University of Abuja | Samuel Ogbemudia Main Library, University of Abuja | 11/27/2024 | 91/004701 | PN 6222.A2.C45 1977 | 2024-2790 | Books |